01650 2200445 4500001002100000005001500021035002000036007000300056008004100059020002200100040002200122082001400144084001600158090002000174090002200194100003700216245029400253250003100547300005000578650003000628700003500658700004000693700003400733700003100767700003400798700003300832700003600865700003800901700002900939700003200968850001201000041000801012504002901020264003701049336002101086337003001107338002301137990002201160990002201182INLIS00000000084680720190529081635 a0010-0519000142ta190506s2016 yoia g ind d a978-602-371-279-3 aYOPDYOGbinderda04223a808.8 a808.8 PUT p aDEP 808.8 PUT p aCB-D.11 2016-28400 aPuteri Nashatul Khairatepenulis10aPertemuan :bsebuah tanda tanya /cPuteri Nashatul Khairat, Dimas Putra Mandegani, Rizma Al Fisha Praningtyas, Ramadhani Utami Dewi, Fadila Prihandani, Holy Lathifa Algania, Rizka Almira Amalia, Darel Achmad Eka Putra, Muhammad Fatur Albashori, Ecky Ariesquila, Perdani Fitryana Marhaendro aCetakan pertama, Juli 2016 avi, 241 halaman :bilustrasi, gambar ;c19 cm 4aCerita Pendek--xKumpulan0 aDimas Putra Mandeganiepenulis0 aRizma Al Fisha Praningtyasepenulis0 aRamadhani Utami Dewiepenulis0 aFadila Prihandaniepenulis0 aHoly Lathifa Alganiaepenulis0 aRizka Almira Amaliaepenulis0 aDarel Achmad Eka Putraepenulis0 aMuhammad Fatur Albashoriepenulis0 aEcky Ariesquilaepenulis0 aPerdani Fitryana Marhaendro aYOPDYOG0 aind aBibliografi: halaman 24134aYogyakarta :bLeutikaprio,c2016 2rdacontentateks 2rdamediaatanpa perantara 2rdacarrieravolume aCB-D.11/2016-2840 aCB-D.11/2016-2840